| 000 | 00409nam a2200145Ia 4500 | ||
|---|---|---|---|
| 008 | 230312s9999||||xx |||||||||||||| ||und|| | ||
| 082 |
_a658.314 _bBIA-R |
||
| 100 | _aBialopotocki Rebecca , N. | ||
| 245 | 0 | _aRecognition and Praise Relate to Teachers ' Job Satisfacation | |
| 260 |
_bProQuest Information and Learning Compan _aUS _c2006 |
||
| 300 | _a88 | ||
| 546 | _aEng. | ||
| 650 | _aManagement | ||
| 942 | _cBK | ||
| 999 |
_c566 _d566 |
||